000
00332nam a2200157Ia 4500
008
160316s1998 xxu||||| |||| 00| 0 eng d
082
_a
0.000000
_b
100
_a
245
_a
Objective 1998
250
_a
260
_a
Strasbourg
_b
Council of Europe
_c
1998
300
_a
92p
_b
_c
365
_b
650
_a
700
_a
_a
999
_c
17168
_d
17168